районы Москвы - Statistics

General Stats
  • This quiz has been taken 8 times
    6 since last reset
  • The average score is 17 of 132
Answers on the Map
Answers color-coded by a green-red scale on the quiz's map according to % correct below.
 
Answer Stats
Answer % Correct
Арбат
100%
Замоскворечье
75%
Хамовники
75%
Тёплый Стан
50%
Зюзино
50%
Северное Бутово
50%
Кунцево
50%
Бибирево
50%
Текстильщики
50%
Южное Бутово
50%
Троицк
25%
Ново-Переделкино
25%
Солнцево
25%
Строгино
25%
Измайлово
25%
Новогиреево
25%
Некрасовка
25%
Чертаново Центральное
25%
Чертаново Южное
25%
Тропарёво-Никулино
25%
Проспект Вернадского
25%
Чертаново Северное
25%
Нагатинский Затон
25%
Котловка
25%
Нагатино-Садовники
25%
Царицыно
25%
Черёмушки
25%
Люблино
25%
Марьино
25%
Лефортово
25%
Марьина Роща
25%
Северное Тушино
25%
Южное Тушино
25%
Крылатское
25%
Ховрино
25%
Аэропорт
25%
Сокол
25%
Лианозово
25%
Северное Медведково
25%
Южное Медведково
25%
Свиблово
25%
Печатники
25%
Северное Измайлово
25%
Сокольники
25%
Очаково-Матвеевское
25%
Раменки
25%
Тверской район
25%
Таганский район
25%
Якиманка
25%
Пресненский район
25%
Северный
25%
Останкинский район
25%
Старое Крюково
25%
Крюково
25%
Восточный
25%
Вороново
0%
Краснопахорский район
0%
Бекасово
0%
Внуково
0%
Филимонковский район
0%
Коммунарка
0%
Щербинка
0%
Можайский район
0%
Даниловский район
0%
Силино
0%
Ростокино
0%
Марфино
0%
Перово
0%
Рязанский район
0%
Нижегородский район
0%
Выхино-Жулебино
0%
Косино-Ухтомский
0%
Ясенево
0%
Орехово-Борисово Северное
0%
Обручевский район
0%
Бирюлёво Западное
0%
Ломоносовский район
0%
Братеево
0%
Орехово-Борисово Южное
0%
Москворечье-Сабурово
0%
Нагорный район
0%
Коньково
0%
Бирюлёво Восточное
0%
Зябликово
0%
Капотня
0%
Бескудниковский район
0%
Тимирязевский район
0%
Бутырский район
0%
Алексеевский район
0%
Южнопортовый район
0%
Покровское-Стрешнево
0%
Щукино
0%
Хорошёво-Мнёвники
0%
Дорогомилово
0%
Митино
0%
Куркино
0%
Левобережный
0%
Головинский район
0%
Войковский район
0%
Коптево
0%
Западное Дегунино
0%
Дмитровский район
0%
Восточное Дегунино
0%
Хорошёвский район
0%
Беговой
0%
Савёловский район
0%
Молжаниновский район
0%
Отрадное
0%
Алтуфьевский район
0%
Лосиноостровский район
0%
Бабушкинский район
0%
Ярославский район
0%
Донской район
0%
Метрогородок
0%
Гольяново
0%
Новокосино
0%
Вешняки
0%
Богородское
0%
Преображенское
0%
Соколиная Гора
0%
Академический район
0%
Гагаринский район
0%
Филёвский Парк
0%
Фили-Давыдково
0%
Мещанский район
0%
Красносельский район
0%
Басманный район
0%
Кузьминки
0%
Ивановское
0%
Восточное Измайлово
0%
Савёлки
0%
Матушкино
0%
No matching quizzes found
Score Distribution
Percent of People with Each Score
Percentile by Number Answered
Your Score History
You have not taken this quiz since the last reset